[Event "13th EICC"]
[Site "Plovdiv BUL"]
[Date "2012.03.21"]
[Round "2.46"]
[White "Khmelniker, Ilya"]
[Black "Pashikian, Arman"]
[Result "1-0"]
[WhiteElo "2523"]
[BlackElo "2618"]
[PlyCount "71"]
[EventDate "2012.03.20"]

1. d4 Nf6 2. c4 e6 3. Nf3 d5 4. Nc3 Bb4 5. cxd5 exd5 6. Bg5 h6 7. Bh4 c5 8. e3
c4 9. Be2 O-O 10. O-O g5 11. Bg3 Bxc3 12. bxc3 Ne4 13. Rc1 Qa5 14. Ne5 f6 15.
Ng6 Rf7 16. Bh5 Nc6 17. f3 Nxc3 18. Qc2 Nxa2 19. Ne5 fxe5 20. Bxf7+ Kxf7 21.
Ra1 Qa3 22. Qh7+ Ke8 23. Qg6+ Ke7 24. f4 Qxe3+ 25. Kh1 gxf4 26. dxe5 Qa3 27.
Rxf4 Be6 28. Qg7+ Ke8 29. Qh8+ Kd7 30. Qxa8 Qb2 31. Raf1 Nc3 32. Qf8 Qb4 33.
Qg7+ Ne7 34. Bh4 Ne2 35. Bxe7 Qxe7 36. Rf7 1-0

[Event "13th EICC"]
[Site "Plovdiv BUL"]
[Date "2012.03.27"]
[Round "7.97"]
[White "Alekseenko, Kirill"]
[Black "Stefansson, Hannes"]
[Result "1-0"]
[WhiteElo "2367"]
[BlackElo "2531"]
[PlyCount "99"]
[EventDate "2012.03.20"]

1. e4 e5 2. Nf3 Nc6 3. Bb5 a6 4. Ba4 Nge7 5. O-O g6 6. c3 Bg7 7. d4 exd4 8.
cxd4 b5 9. Bb3 O-O 10. h3 d6 11. Nc3 Na5 12. Bc2 c5 13. a3 cxd4 14. Nxd4 Bb7
15. Bg5 h6 16. Bh4 Rc8 17. Nce2 d5 18. e5 Nc4 19. f4 Ne3 20. Qd3 Nxf1 21. Rxf1
Qc7 22. Bb1 Nc6 23. Nf5 Rce8 24. Nxg7 Kxg7 25. Ng3 Re6 26. Bf6+ Kh7 27. f5 Rxf6
28. exf6 g5 29. Re1 Qd8 30. Nh5 Re8 31. Re6 Kg8 32. h4 Kf8 33. Rxe8+ Qxe8 34.
Qd2 d4 35. hxg5 hxg5 36. Qxg5 Qe1+ 37. Kh2 Ne5 38. Ba2 Qf2 39. Qg7+ Ke8 40.
Bxf7+ Kd8 41. Qf8+ Kc7 42. Qc5+ Nc6 43. Ng3 Qf4 44. Kh3 Qh6+ 45. Nh5 d3 46. Kh4
Qd2 47. Bb3 Qxg2 48. f7 Qh2+ 49. Kg5 Qg2+ 50. Kh6 1-0

[Event "13th EICC"]
[Site "Plovdiv BUL"]
[Date "2012.03.30"]
[Round "10.26"]
[White "Nikolov, Momchil"]
[Black "Ivanisevic, Ivan"]
[Result "0-1"]
[WhiteElo "2550"]
[BlackElo "2645"]
[PlyCount "114"]
[EventDate "2012.03.20"]

1. d4 Nf6 2. c4 e6 3. Nc3 Bb4 4. Qc2 c5 5. dxc5 Na6 6. a3 Bxc3+ 7. Qxc3 Nxc5 8.
f3 d5 9. cxd5 b6 10. b4 Na4 11. Qc2 b5 12. e4 a6 13. dxe6 Bxe6 14. Qc6+ Nd7 15.
Bg5 Qxg5 16. Qxa8+ Ke7 17. Qxh8 Qe3+ 18. Be2 Qc3+ 19. Kf2 Qd4+ 20. Kf1 Qxa1+
21. Kf2 Qd4+ 22. Kf1 h6 23. g4 Nc3 24. Kg2 Nf8 25. h4 Qd2 26. Qxg7 Ng6 27. Rh2
Nf4+ 28. Kf1 Qc1+ 29. Kf2 Nfxe2 30. Nxe2 Nxe2 31. Qe5 Qd1 32. g5 h5 33. Rg2 Nd4
34. Qf6+ Kd7 35. g6 fxg6 36. Rxg6 Qd2+ 37. Kg1 Ne2+ 38. Kh1 Nf4 39. Rg7+ Kc6
40. Qa1 Nd3 41. Qf6 Nf4 42. Qa1 Qe3 43. Qd1 Nd3 44. Qc2+ Bc4 45. Rg6+ Kd7 46.
Rg7+ Ke6 47. Rg6+ Kf7 48. Rg3 Qf4 49. Qg2 Qxh4+ 50. Kg1 Nf4 51. Rg7+ Kf8 52.
Qb2 Nd3 53. Qd4 Ne1 54. Qd7 Nxf3+ 55. Kg2 Qxe4 56. Qb7 Qe2+ 57. Kg3 Qe5+ 0-1

[Event "13th EICC"]
[Site "Plovdiv BUL"]
[Date "2012.03.31"]
[Round "11.71"]
[White "Boruchovsky, Avital"]
[Black "Savchenko, Boris"]
[Result "1-0"]
[WhiteElo "2333"]
[BlackElo "2580"]
[PlyCount "57"]
[EventDate "2012.03.20"]

1. e4 Nf6 2. e5 Nd5 3. d4 d6 4. Nf3 dxe5 5. Nxe5 Nd7 6. Nxf7 Kxf7 7. Qh5+ Ke6
8. c4 N5f6 9. d5+ Kd6 10. Qf7 Ne5 11. Bf4 c5 12. Nc3 a6 13. Bd3 g6 14. b4 Qc7
15. bxc5+ Kxc5 16. Na4+ Kd4 17. O-O-O Bh6 18. Bxh6 Nxd3+ 19. Rxd3+ Kxd3 20.
Rd1+ Ke2 21. d6 Qd7 22. Nc3+ Kxf2 23. Ne4+ Kxg2 24. Rd2+ Kf3 25. Rf2+ Kxe4 26.
Rxf6 e6 27. Rf4+ Kd3 28. Rf3+ Kd4 29. Be3+ 1-0

[Event "European Ind w 2012"]
[Site "Gaziantep TUR"]
[Date "2012.03.13"]
[Round "11"]
[White "Gunina, V."]
[Black "Muzychuk, A."]
[Result "1-0"]
[WhiteElo "2511"]
[BlackElo "2583"]
[PlyCount "75"]
[EventDate "2012.03.02"]

1. d4 d5 2. c4 c6 3. Nf3 Nf6 4. Nc3 e6 5. Bg5 h6 6. Bxf6 Qxf6 7. e3 Nd7 8. Bd3
dxc4 9. Bxc4 g6 10. O-O Bg7 11. Re1 O-O 12. e4 e5 13. d5 Rd8 14. Re3 b5 15.
dxc6 bxc4 16. Nd5 Qd6 17. cxd7 Bxd7 18. Nd2 Bb5 19. Qc2 Rab8 20. Rc3 Qa6 21. a4
Bf8 22. Nf1 Bc5 23. Qc1 Bc6 24. Nf6+ Kg7 25. Ng4 g5 26. Rxc4 Rd1 27. Qxd1 Qxc4
28. Qf3 Qxe4 29. Rc1 Qg6 30. Qc3 Qe4 31. Qxe5+ Qxe5 32. Nxe5 Bxf2+ 33. Kxf2
Rxb2+ 34. Ke3 Bxg2 35. Ng3 Bd5 36. Nh5+ Kf8 37. Rd1 Be6 38. Rd8+ 1-0

[Event "83rd ch-GER 2012"]
[Site "Osterburg GER"]
[Date "2012.03.08"]
[Round "7"]
[White "Huschenbeth, N."]
[Black "Khenkin, I."]
[Result "0-1"]
[WhiteElo "2509"]
[BlackElo "2632"]
[PlyCount "120"]
[EventDate "2012.03.02"]

1. e4 c5 2. Nf3 Nc6 3. d4 cxd4 4. Nxd4 Qb6 5. Nb3 Nf6 6. Nc3 e6 7. Qe2 Bb4 8.
Bd2 O-O 9. a3 Be7 10. g3 d5 11. Bg2 d4 12. Nd1 e5 13. Nc1 d3 14. Qxd3 Rd8 15.
Qc3 Bh3 16. Bxh3 Nxe4 17. Qe3 Nxd2 18. Qxb6 axb6 19. Bg2 Nd4 20. Kxd2 Bg5+ 21.
Ne3 Bxe3+ 22. fxe3 Nb3+ 23. Ke2 Nxa1 24. Na2 Nxc2 25. Rc1 Nxa3 26. bxa3 Rxa3
27. Rc2 Ra7 28. Bd5 Kf8 29. e4 f5 30. Nc1 fxe4 31. Bxe4 b5 32. Nd3 b4 33. Ke3
b3 34. Rb2 Ra3 35. Bxh7 Rd5 36. Be4 Rb5 37. Nc1 Ke7 38. h4 Kd6 39. h5 Rb4 40.
g4 Rc4 41. Ne2 Ra2 42. Rxb3 Rxe2+ 43. Kxe2 Rxe4+ 44. Kf3 Rf4+ 45. Kg3 Rf7 46.
g5 e4 47. g6 Re7 48. Kf4 Kc5 49. Rg3 Kd4 50. h6 gxh6 51. Kf5 Re8 52. g7 Rg8 53.
Kg6 e3 54. Rg1 e2 55. Kxh6 Ke3 56. Kh7 Rxg7+ 57. Kxg7 Kf2 58. Rb1 e1=Q 59. Rxb7
Qc3+ 60. Kh7 Qh3+ 0-1

[Event "6th Agzamov Memorial"]
[Site "Tashkent UZB"]
[Date "2012.03.11"]
[Round "6"]
[White "Mamedov, Rau"]
[Black "Turov, M."]
[Result "1/2-1/2"]
[WhiteElo "2624"]
[BlackElo "2658"]
[PlyCount "77"]
[EventDate "2012.03.06"]

1. e4 c6 2. Ne2 d5 3. e5 d4 4. c3 c5 5. Ng3 Qd5 6. f4 g5 7. Qb3 Qxb3 8. axb3
gxf4 9. Ne4 Bg7 10. Nxc5 Bxe5 11. Bb5+ Nd7 12. O-O Ngf6 13. Nd3 Bc7 14. Nxf4 a6
15. cxd4 Bb6 16. Kh1 Bxd4 17. Ne2 Ba7 18. Nbc3 O-O 19. d4 axb5 20. Nxb5 Nb6 21.
Nxa7 Bg4 22. Nc3 Nc8 23. h3 Rxa7 24. Rxa7 Nxa7 25. hxg4 Nxg4 26. d5 Nc8 27. Bf4
e5 28. dxe6 fxe6 29. Rf3 e5 30. Bg5 Nf2+ 31. Kh2 Rxf3 32. gxf3 Nd3 33. Ne4 Kg7
34. Kg3 Nxb2 35. Nf2 Nd6 36. Bc1 Nbc4 37. bxc4 Nxc4 38. Nd3 Kg6 39. f4 1/2-1/2